Ľudový sochár a rezbár Gregor Malec

Bibliographic Details
Main Author: Mruškovič, Štefan, 1932-2016 (Author)
Format: Article
Language:Slovak
PhysicalDescription:Fot. 1.
Subjects:

MARC

LEADER 00000nab a2200000 a 4500
001 vtls000419851
003 SK-MaSNL
005 20260302235212.0
008 160215c1991 xo 0 slo
015 |a SNBRB19rr/mm-uuuuu 
035 |a CL0419979 
040 |a SNKBUCL  |b slo  |c SNKBUCL  |e AACR2 
041 0 |a slo 
044 |a xo  |c SK 
080 |a 745.51.077  |2 1981 
080 |a 929 Malec, Gregor  |2 1981 
100 1 |a Mruškovič, Štefan,  |d 1932-2016  |4 aut  |9 161721 
245 1 0 |a Ľudový sochár a rezbár Gregor Malec  |c Štefan Mruškovič ; Gregor Malec 
300 |b Fot. 1. 
600 1 7 |a Malec, Gregor,  |d 1901-1993  |2 snkbucl  |9 193715 
655 7 |a články z novín a časopisov  |2 snkbucl  |9 267496 
773 0 |t Práca  |g Roč. 46, č. 145 (22. 6. 1991), s. 6 
850 |a Slovenská národná knižnica v Martine  |a MTA001 
852 |a SNK  |b KIS3GCP 
958 |a BX 
958 |a RK 
992 |a RBX 
999 |c 1553549  |d 1555479